[Event "VIII Weekend A"]
[Site "Porto Sant'Elpidio ITA"]
[Date "2005.11.20"]
[Round "3"]
[White "Allegranti, Luca"]
[Black "Padovani, Alessio"]
[Result "1/2-1/2"]
[WhiteElo "2024"]
[BlackElo "2014"]
[PlyCount "116"]
[EventDate "2005.11.19"]

1. d4 f5 2. Bg5 g6 3. h4 Bg7 4. e3 Nf6 5. Be2 d5 6. Nd2 Be6 7. Nh3 h6 8. Bf4
Nbd7 9. c3 c6 10. Qc2 Ne4 11. f3 Nxd2 12. Kxd2 Nf6 13. g4 Qd7 14. g5 Nh5 15.
gxh6 Bxh6 16. Bxh6 Rxh6 17. Ng5 Ng3 18. Rh2 Nxe2 19. Kxe2 O-O-O 20. f4 Rdh8 21.
Rah1 Qd6 22. b4 Bg8 23. Qd3 e6 24. Nf3 Qe7 25. Ng5 Bf7 26. Kf2 Kd7 27. Kg3 Ra8
28. Nf3 Qf6 29. Ne5+ Ke7 30. a4 Kd6 31. c4 Be8 32. c5+ Kc7 33. b5 Qe7 34. Rb1
Rc8 35. bxc6 Bxc6 36. Nxc6 bxc6 37. Qa6 Kd8 38. Rb7 Rc7 39. Rb8+ Kd7 40. Ra8 e5
41. fxe5 Ke6 42. Rc8 g5 43. Rxc7 gxh4+ 44. Kh3 Qxc7 45. Rb2 Rh7 46. Rg2 Kf7 47.
Rf2 Ke6 48. Qf1 Qf7 49. Rf4 Qg6 50. Qf2 Qg5 51. Qg2 Qxg2+ 52. Kxg2 Rg7+ 53. Kf2
Rg4 54. a5 a6 55. Rf3 Rg8 56. Rh3 Rg4 57. Kf3 Re4 58. Rh1 Rg4 1/2-1/2

[Event "VIII Weekend A"]
[Site "Porto Sant'Elpidio ITA"]
[Date "2005.11.20"]
[Round "3"]
[White "Cerusico, Carlo"]
[Black "Faini, Ivano"]
[Result "1/2-1/2"]
[WhiteElo "1466"]
[BlackElo "1822"]
[PlyCount "73"]
[EventDate "2005.11.19"]

1. d4 e5 2. e3 exd4 3. exd4 d5 4. Nf3 c6 5. Bd3 Bg4 6. O-O Be7 7. Re1 Nf6 8.
Bf4 O-O 9. h3 Bh5 10. Nbd2 Bd6 11. Bg5 h6 12. Bh4 Nbd7 13. c3 Qc7 14. Qc2 Rfe8
15. g4 Bxg4 16. hxg4 Nxg4 17. Nf1 g5 18. Bg3 Ngf6 19. Bxd6 Qxd6 20. Bf5 Qf4 21.
N1h2 g4 22. Bxd7 gxf3 23. Rxe8+ Rxe8 24. Qf5 Re4 25. Qxf4 Rxf4 26. Bh3 h5 27.
Re1 Ng4 28. Re7 f5 29. Re1 Kf7 30. Bf1 Kf6 31. Bd3 h4 32. b3 Kg5 33. Bc2 Kf6
34. Bd1 Nxh2 35. Kxh2 Rg4 36. Bxf3 Rf4 37. Re3 1/2-1/2

[Event "VIII Weekend A"]
[Site "Porto Sant'Elpidio ITA"]
[Date "2005.11.20"]
[Round "3"]
[White "Di Donatantonio, Franco"]
[Black "Benaglia, Giovanni"]
[Result "1-0"]
[WhiteElo "2027"]
[BlackElo "2008"]
[PlyCount "105"]
[EventDate "2005.11.19"]

1. e4 e6 2. d3 d5 3. Nd2 Nf6 4. Ngf3 c5 5. g3 b6 6. Bg2 Bb7 7. Qe2 Be7 8. O-O
Nc6 9. c3 Qc7 10. Nb3 a5 11. Bf4 Qd8 12. Ne5 Nxe5 13. Bxe5 O-O 14. Rfe1 Ra7 15.
g4 Bc6 16. c4 dxc4 17. dxc4 Qa8 18. Rad1 Rd7 19. f3 a4 20. Nc1 Rfd8 21. Nd3 Ne8
22. Nf2 Bh4 23. a3 Bxf2+ 24. Kxf2 f6 25. Bc3 e5 26. g5 Rxd1 27. Rxd1 Rxd1 28.
Qxd1 Qc8 29. gxf6 gxf6 30. f4 exf4 31. Qh5 Qe6 32. e5 Bxg2 33. Kxg2 f5 34. Kf2
Ng7 35. Qf3 Qg6 36. Qa8+ Qe8 37. Qxe8+ Nxe8 38. Kf3 Kf7 39. Kxf4 Ke6 40. h4 Nc7
41. Kg5 h6+ 42. Kxh6 f4 43. Kg5 f3 44. Be1 b5 45. cxb5 Nxb5 46. h5 Kf7 47. Kf4
Nd4 48. Bf2 Ke6 49. Bxd4 cxd4 50. Kxf3 Kxe5 51. h6 d3 52. h7 Kd4 53. h8=Q+ 1-0

[Event "VIII Weekend A"]
[Site "Porto Sant'Elpidio ITA"]
[Date "2005.11.20"]
[Round "3"]
[White "Di Martino, Antonio"]
[Black "Miandro, Roberto"]
[Result "0-1"]
[WhiteElo "2015"]
[BlackElo "2092"]
[PlyCount "106"]
[EventDate "2005.11.19"]

1. e4 c5 2. Nf3 d6 3. d4 cxd4 4. Nxd4 Nf6 5. Nc3 a6 6. Bg5 e6 7. f4 Be7 8. Qf3
Qc7 9. O-O-O Nbd7 10. g4 b5 11. Bxf6 Nxf6 12. g5 Nd7 13. Bd3 Bb7 14. h4 Nc5 15.
Kb1 b4 16. Nce2 d5 17. Ng3 dxe4 18. Nxe4 Rd8 19. Nb3 Nxd3 20. Rxd3 Rxd3 21.
Qxd3 Qxf4 22. Nec5 Qc7 23. Rd1 Bd5 24. Nxa6 Qb7 25. Nbc5 Qb6 26. Nb3 O-O 27. c3
bxc3 28. bxc3 Qc6 29. Kb2 Qa4 30. Nb4 Bxb4 31. cxb4 Qxb4 32. Qd4 Qb5 33. Rc1
Rb8 34. Qc5 Qe2+ 35. Rc2 Qe5+ 36. Qc3 Qxc3+ 37. Rxc3 g6 38. a4 Kg7 39. Ka3 f5
40. Rc7+ Kg8 41. Nc5 f4 42. a5 Rd8 43. Nd3 f3 44. Ne5 f2 45. Rc1 Bg2 46. Ng4
f1=Q 47. Rxf1 Bxf1 48. Nf6+ Kg7 49. Kb4 Rb8+ 50. Kc5 Rb5+ 51. Kd6 Rxa5 52. Kxe6
Ra6+ 53. Ke7 Bb5 0-1

[Event "VIII Weekend A"]
[Site "Porto Sant'Elpidio ITA"]
[Date "2005.11.20"]
[Round "3"]
[White "Fioravanti, Emidio"]
[Black "Bastarelli, Giuseppe"]
[Result "0-1"]
[WhiteElo "2049"]
[BlackElo "2104"]
[PlyCount "126"]
[EventDate "2005.11.19"]

1. e4 e6 2. d4 d5 3. e5 c5 4. c3 Nc6 5. Nf3 Nh6 6. Bd3 f6 7. O-O Nf7 8. Re1
cxd4 9. cxd4 fxe5 10. dxe5 Bd7 11. a3 Be7 12. b4 O-O 13. Nbd2 a5 14. b5 Na7 15.
a4 Nc8 16. Qc2 h6 17. Ba3 Nb6 18. Bxe7 Qxe7 19. Qc7 Qd8 20. Rec1 Qxc7 21. Rxc7
Rab8 22. Nb3 Rfc8 23. Rac1 Rxc7 24. Rxc7 Bc8 25. Bg6 Nh8 26. Bd3 Nxa4 27. Nxa5
Nb6 28. h3 Na8 29. Rc2 Kf8 30. Nd4 Bd7 31. f4 Nf7 32. Kf2 Ke7 33. Ke3 Nd8 34.
g4 Rc8 35. Rxc8 Bxc8 36. f5 Nb6 37. fxe6 Bxe6 38. Nxe6 Nxe6 39. Nxb7 Nd7 40.
Bf5 Nxe5 41. Bxe6 Kxe6 42. Kd4 Nf3+ 43. Kc5 d4 44. Kc4 Ke5 45. Nc5 g6 46. Nb3
Ke4 47. Kc5 d3 48. b6 Ne5 49. Nd2+ Ke3 50. Kd6 Kxd2 51. b7 Ke2 52. b8=Q d2 53.
Qb5+ Nd3 54. Qb1 d1=Q 55. Qxd1+ Kxd1 56. Ke7 Nf4 57. Kf6 g5 58. Kg7 Nxh3 59.
Kxh6 Ke2 60. Kg6 Kf3 61. Kf5 Kg3 62. Ke4 Kxg4 63. Ke3 Kg3 0-1

[Event "VIII Weekend A"]
[Site "Porto Sant'Elpidio ITA"]
[Date "2005.11.20"]
[Round "3"]
[White "Marozzi, Giovanni"]
[Black "Rinaudo, Sergio"]
[Result "0-1"]
[WhiteElo "2121"]
[BlackElo "2093"]
[PlyCount "56"]
[EventDate "2005.11.19"]

1. d4 d5 2. Bf4 Nf6 3. e3 c5 4. dxc5 Nc6 5. c3 a5 6. Nf3 e6 7. Bb5 Bxc5 8. Ne5
Qb6 9. Qb3 Bd7 10. Nxd7 Nxd7 11. Bxc6 Qxc6 12. Nd2 b5 13. O-O O-O 14. Nf3 h6
15. Rac1 Qb6 16. Ne5 Nxe5 17. Bxe5 Bxe3 18. Bxg7 Bxf2+ 19. Rxf2 Kxg7 20. a4
Rab8 21. Rcf1 f5 22. Kh1 Qc6 23. axb5 Rxb5 24. Qd1 Rf6 25. h4 Rg6 26. Qd4+ Kh7
27. h5 Rg5 28. Qd1 Qe8 0-1

[Event "VIII Weekend A"]
[Site "Porto Sant'Elpidio ITA"]
[Date "2005.11.20"]
[Round "3"]
[White "Paci, Stefano"]
[Black "Palmizi, Alessandro"]
[Result "1-0"]
[WhiteElo "2144"]
[BlackElo "1802"]
[PlyCount "100"]
[EventDate "2005.11.19"]

1. d4 d6 2. Nf3 g6 3. g3 Nf6 4. Bg2 d5 5. O-O Ne4 6. c4 dxc4 7. Qa4+ Bd7 8.
Qxc4 Nd6 9. Qb3 f6 10. Nc3 c6 11. e4 Qb6 12. Qc2 Na6 13. e5 fxe5 14. dxe5 Nf7
15. Qe2 e6 16. Ne4 Be7 17. Rd1 Nb4 18. Be3 Qc7 19. Nf6+ Bxf6 20. exf6 Nd5 21.
Bd4 Qc8 22. h4 O-O 23. Ng5 Nxg5 24. hxg5 Kf7 25. Rac1 Re8 26. Be5 Qd8 27. Qc4
Qb6 28. Rd4 Rh8 29. Rh4 Rad8 30. Be4 Bc8 31. Kg2 Ne3+ 32. fxe3 Qxe3 33. Rc2 Rd1
34. Rf2 Qxg5 35. Qc5 Rd7 36. Qc3 h5 37. Bf4 Qb5 38. Be3 Rdd8 39. g4 hxg4 40.
Rxg4 Rdg8 41. Qc5 Qxc5 42. Bxc5 e5 43. Rg5 Rh5 44. Rxh5 gxh5+ 45. Kh2 Rg4 46.
Bc2 Be6 47. Bxa7 h4 48. b3 h3 49. Bb8 Rf4 50. Rxf4 exf4 1-0

[Event "VIII Weekend A"]
[Site "Porto Sant'Elpidio ITA"]
[Date "2005.11.20"]
[Round "3"]
[White "Paolini, Fabio"]
[Black "Perogio, Lorenzo"]
[Result "0-1"]
[WhiteElo "1868"]
[BlackElo "1886"]
[PlyCount "84"]
[EventDate "2005.11.19"]

1. e4 e5 2. Nf3 Nc6 3. Bb5 Nf6 4. d4 exd4 5. O-O Be7 6. e5 Ne4 7. Re1 Ng5 8.
Nxd4 Nxd4 9. Qxd4 c6 10. Bd3 Qb6 11. Qxb6 axb6 12. Nd2 b5 13. Nb3 O-O 14. Nd4
g6 15. c4 bxc4 16. Bxc4 Ne6 17. Nf3 d5 18. exd6 Bxd6 19. Bh6 Re8 20. Rad1 Bf8
21. Bg5 b5 22. Bb3 c5 23. Bd5 Ra6 24. a3 Be7 25. h4 Rd6 26. Bxe7 Rxe7 27. Bxe6
Rdxe6 28. Rd8+ Kg7 29. Rxc8 Rxe1+ 30. Nxe1 Rxe1+ 31. Kh2 Rc1 32. Kg3 Rc2 33. b3
Rc3+ 34. f3 h5 35. a4 Rxb3 36. Rxc5 bxa4 37. Ra5 Ra3 38. Kf4 Ra1 39. g4 hxg4
40. fxg4 a3 41. h5 gxh5 42. gxh5 a2 0-1

[Event "VIII Weekend A"]
[Site "Porto Sant'Elpidio ITA"]
[Date "2005.11.20"]
[Round "3"]
[White "Rinaudo, Andrea"]
[Black "Fioravanti, Diego"]
[Result "1/2-1/2"]
[WhiteElo "2120"]
[BlackElo "2152"]
[PlyCount "112"]
[EventDate "2005.11.19"]

1. e4 e5 2. Nc3 Nf6 3. Nf3 Nc6 4. Bb5 Bb4 5. O-O d6 6. Nd5 Bc5 7. b4 Bb6 8. d4
Bd7 9. Nxb6 axb6 10. Bxc6 Bxc6 11. d5 Bb5 12. Re1 h6 13. Nd2 O-O 14. c4 Bd7 15.
Qf3 Nh7 16. Qg3 Qg5 17. Qxg5 Nxg5 18. h4 Nh7 19. a3 f5 20. exf5 Bxf5 21. Ne4
Rf7 22. f3 Bxe4 23. Rxe4 Nf6 24. Re1 b5 25. cxb5 Nxd5 26. Bd2 Nf4 27. a4 Kf8
28. a5 c6 29. bxc6 bxc6 30. b5 cxb5 31. Bb4 Ra6 32. Rxe5 Nd3 33. Rxb5 Nxb4 34.
Rxb4 Rf5 35. Rba4 Kf7 36. Kf2 g5 37. Kg3 Kf6 38. R1a2 Rc5 39. f4 gxf4+ 40. Kxf4
Rf5+ 41. Ke4 Rc5 42. g4 Kg6 43. Rd4 Rcxa5 44. Rxa5 Rxa5 45. Rxd6+ Kg7 46. Re6
Rb5 47. Re5 Rb6 48. Kf5 Rf6+ 49. Ke4 Ra6 50. g5 hxg5 51. hxg5 Rb6 52. Kf5 Ra6
53. Re7+ Kg8 54. g6 Ra1 55. Kf6 Rf1+ 56. Kg5 Rg1+ 1/2-1/2

[Event "VIII Weekend A"]
[Site "Porto Sant'Elpidio ITA"]
[Date "2005.11.26"]
[Round "4"]
[White "Bastarelli, Giuseppe"]
[Black "Miandro, Roberto"]
[Result "1-0"]
[WhiteElo "2104"]
[BlackElo "2092"]
[PlyCount "94"]
[EventDate "2005.11.19"]

1. d4 d5 2. Nf3 c5 3. e3 e6 4. c4 Nf6 5. Nc3 Nc6 6. a3 b6 7. cxd5 exd5 8. Qa4
Bd7 9. Bb5 Qc7 10. dxc5 bxc5 11. Qd1 Qd6 12. O-O Be7 13. Re1 O-O 14. e4 dxe4
15. Qxd6 Bxd6 16. Nxe4 Nxe4 17. Rxe4 Rfe8 18. Rxe8+ Bxe8 19. Be3 Ne5 20. Bxe8
Nxf3+ 21. gxf3 Rxe8 22. Rc1 Be5 23. Bxc5 Bxb2 24. Rb1 Be5 25. Bxa7 Rc8 26. a4
Rc6 27. Be3 h6 28. a5 Ra6 29. Bb6 Bc3 30. Rb5 Kh7 31. Kf1 Kg6 32. Ke2 f6 33.
Kd3 Be1 34. Kc4 f5 35. Rd5 Kg5 36. Kb5 Ra8 37. a6 Kf4 38. Rd3 Kg5 39. Rd8 Rxa6
40. Kxa6 Kh4 41. Rd1 Bc3 42. Bd4 Bxd4 43. Rxd4+ Kh3 44. Rd7 Kg2 45. Rxg7+ Kxf3
46. Rh7 Kg2 47. Rxh6 f4 1-0

[Event "VIII Weekend A"]
[Site "Porto Sant'Elpidio ITA"]
[Date "2005.11.26"]
[Round "4"]
[White "Benaglia, Giovanni"]
[Black "Allegranti, Luca"]
[Result "1/2-1/2"]
[WhiteElo "2008"]
[BlackElo "2024"]
[PlyCount "32"]
[EventDate "2005.11.19"]

1. e4 e5 2. Nf3 Nc6 3. d4 exd4 4. Nxd4 Nxd4 5. Qxd4 Qf6 6. Qxf6 Nxf6 7. f3 d6
8. Bg5 Be7 9. Bb5+ Bd7 10. Bxd7+ Nxd7 11. Bxe7 Kxe7 12. Nc3 a6 13. O-O-O Rhc8
14. Rhe1 f6 15. Nd5+ Kf7 16. h4 a5 1/2-1/2

[Event "VIII Weekend A"]
[Site "Porto Sant'Elpidio ITA"]
[Date "2005.11.26"]
[Round "4"]
[White "Di Donatantonio, Franco"]
[Black "Rinaudo, Sergio"]
[Result "1/2-1/2"]
[WhiteElo "2027"]
[BlackElo "2093"]
[PlyCount "116"]
[EventDate "2005.11.19"]

1. e4 e5 2. Nf3 Nf6 3. d3 d5 4. Nbd2 Nc6 5. Be2 Be7 6. O-O O-O 7. c3 a5 8. a4
Re8 9. Qc2 h6 10. Re1 Qd6 11. Nf1 Be6 12. Ng3 Qc5 13. Qb1 Ng4 14. Nh1 dxe4 15.
dxe4 Qb6 16. h3 Nf6 17. Be3 Bc5 18. Bb5 Bb3 19. Ra3 Be6 20. Ng3 Bxe3 21. Rxe3
Qc5 22. b4 axb4 23. cxb4 Qd6 24. Bxc6 Qxc6 25. Nxe5 Qd6 26. Nf3 Qb6 27. a5 Qb5
28. Nd4 Qc4 29. Nxe6 Rxe6 30. Rac3 Qb5 31. Rxc7 Rd8 32. e5 Nd5 33. Rc5 Qxb4 34.
Qxb4 Nxb4 35. Rb3 Rd1+ 36. Kh2 Nd3 37. Rc8+ Kh7 38. Rxb7 Nxe5 39. Nf5 Rd5 40.
Ra8 Nf3+ 41. gxf3 Rxf5 42. Rb3 Ref6 43. Kg2 Rg5+ 44. Kf1 Rgf5 45. Ke2 Re5+ 46.
Kf1 Ref5 47. a6 Rxf3 48. Rxf3 Rxf3 49. Ra7 Ra3 50. Kg2 Kg6 51. Kf1 Kh5 52. Kg2
g5 53. Kh2 Ra2 54. Kg1 Ra1+ 55. Kg2 Ra2 56. Kf3 f5 57. Kg2 Ra3 58. Kf1 Ra2
1/2-1/2

[Event "VIII Weekend A"]
[Site "Porto Sant'Elpidio ITA"]
[Date "2005.11.26"]
[Round "4"]
[White "Faini, Ivano"]
[Black "Palmizi, Alessandro"]
[Result "0-1"]
[WhiteElo "1822"]
[BlackElo "1802"]
[PlyCount "220"]
[EventDate "2005.11.19"]

1. e4 d6 2. d4 g6 3. Nc3 Bg7 4. f4 e6 5. Nf3 Nd7 6. Bd3 Ne7 7. O-O c5 8. Nb5
Qb6 9. dxc5 Qxc5+ 10. Kh1 a6 11. Na3 b5 12. Nb1 Nb6 13. Nbd2 O-O 14. Nb3 Qc7
15. c3 Nc4 16. Qe2 Bb7 17. Nfd2 d5 18. e5 Nc6 19. Nf3 Rfd8 20. Nfd4 Bf8 21.
Nxc6 Qxc6 22. Nd4 Qe8 23. Qg4 Kh8 24. Rf3 Bc5 25. Qg5 Qe7 26. Qh6 Qf8 27. Qh3
Bxd4 28. cxd4 f5 29. Qh4 Rd7 30. g4 Qe7 31. g5 h5 32. Be2 Kg7 33. b3 Na5 34.
Rc3 Rc7 35. Ba3 Qd7 36. Rac1 Nc6 37. Bc5 Nxd4 38. Bxd4 Rxc3 39. Rxc3 Rc8 40.
Rxc8 Qxc8 41. Qg3 Qc2 42. Qe3 Qxa2 43. Kg2 Qb1 44. h4 Kf7 45. Bf3 Qb2+ 46. Kg3
Bc6 47. Qc3 Qxc3 48. Bxc3 Ke7 49. Kf2 Be8 50. Ke3 Kd7 51. Bd4 Kc6 52. Bc3 Kb6
53. Kd4 Kc6 54. Ba5 Bd7 55. Bb4 Be8 56. Kc3 Kb6 57. Bd6 Kc6 58. Kd4 Bf7 59. Kc3
Kb6 60. Kb4 Be8 61. Be7 Kc6 62. Ka5 Kb7 63. Be2 Bd7 64. Kb4 Kc6 65. Bd8 Be8 66.
Kc3 Kd7 67. Bf6 Kc7 68. Kd4 Kc6 69. Bf3 Bf7 70. Bd8 Be8 71. Kc3 Kd7 72. Bb6 Bf7
73. Kb4 Kc6 74. Bd4 Be8 75. Be2 Bf7 76. Ka5 Kb7 77. Bxb5 axb5 78. Kxb5 Be8+ 79.
Kc5 Kc7 80. b4 Bc6 81. b5 Bb7 82. Bc3 Ba8 83. Ba5+ Kd7 84. Kb6 d4 85. Ka7 Be4
86. Kb8 Bd5 87. b6 Kc6 88. Ka7 Kb5 89. Bd2 Kc5 90. b7 Bxb7 91. Kxb7 Kd5 92. Bb4
Ke4 93. Kc6 Kxf4 94. Kd6 Kg4 95. Kxe6 f4 96. Be1 f3 97. Kd5 d3 98. e6 d2 99.
Bxd2 f2 100. e7 f1=Q 101. e8=Q Qd3+ 102. Kc6 Qc2+ 103. Kb6 Qb3+ 104. Qb5 Qxb5+
105. Kxb5 Kxh4 106. Kc4 Kg3 107. Kd3 h4 108. Ke4 h3 109. Bf4+ Kg2 110. Ke5 Kf3
0-1

[Event "VIII Weekend A"]
[Site "Porto Sant'Elpidio ITA"]
[Date "2005.11.26"]
[Round "4"]
[White "Paolini, Fabio"]
[Black "Padovani, Alessio"]
[Result "0-1"]
[WhiteElo "1868"]
[BlackElo "2014"]
[PlyCount "46"]
[EventDate "2005.11.19"]

1. e4 e5 2. Nf3 f5 3. Bc4 fxe4 4. Nxe5 Qg5 5. d4 Qxg2 6. Qh5+ g6 7. Bg5 Bb4+ 8.
c3 Qxh1+ 9. Ke2 gxh5 10. cxb4 d6 11. Nc3 Qg2 12. Nf7 Bg4+ 13. Kd2 Qxf2+ 14. Kc1
Nc6 15. Nxe4 Qe1+ 16. Kc2 Qxe4+ 17. Kb3 Nxd4+ 18. Kc3 Ne2+ 19. Kb3 d5 20. Bxe2
Bxe2 21. Nxh8 Qc4+ 22. Ka3 a5 23. Ka4 Qxb4# 0-1

[Event "VIII Weekend A"]
[Site "Porto Sant'Elpidio ITA"]
[Date "2005.11.26"]
[Round "4"]
[White "Perogio, Lorenzo"]
[Black "Paci, Stefano"]
[Result "0-1"]
[WhiteElo "1886"]
[BlackElo "2144"]
[PlyCount "54"]
[EventDate "2005.11.19"]

1. e4 c6 2. d4 d5 3. f3 e6 4. Nc3 Nf6 5. e5 Nfd7 6. Nce2 c5 7. c3 Nc6 8. f4 Qb6
9. Nf3 Be7 10. a3 f5 11. b4 cxb4 12. axb4 Qc7 13. h4 Nd8 14. Bb2 Nb6 15. Ng3
Bd7 16. Ng5 Nf7 17. Ra5 a6 18. Nh5 O-O 19. Nf6+ gxf6 20. exf6 Bxf6 21. Qh5 Nxg5
22. hxg5 Be8 23. Qh6 Bh8 24. Qxe6+ Bf7 25. Qxf5 Rae8+ 26. Kf2 Bg6 27. Qg4 Rxf4+
0-1

[Event "VIII Weekend A"]
[Site "Porto Sant'Elpidio ITA"]
[Date "2005.11.26"]
[Round "4"]
[White "Rinaudo, Andrea"]
[Black "Di Martino, Antonio"]
[Result "1-0"]
[WhiteElo "2120"]
[BlackElo "2015"]
[PlyCount "43"]
[EventDate "2005.11.19"]

1. e4 e6 2. d4 d5 3. Nd2 dxe4 4. Nxe4 Nd7 5. Nf3 Be7 6. Bd3 Ngf6 7. Nxf6+ Nxf6
8. O-O O-O 9. c3 b6 10. Ne5 Bb7 11. Qe2 c5 12. Be3 Qd5 13. f3 cxd4 14. Bxd4
Rfd8 15. Bc4 Qd6 16. Rad1 Qc7 17. Nxf7 Rxd4 18. Rxd4 Bd5 19. Bxd5 exd5 20. Qe6
Bc5 21. Ng5+ Kf8 22. Qxf6+ 1-0

[Event "VIII Weekend A"]
[Site "Porto Sant'Elpidio ITA"]
[Date "2005.11.27"]
[Round "5"]
[White "Allegranti, Luca"]
[Black "Perogio, Lorenzo"]
[Result "1/2-1/2"]
[WhiteElo "2024"]
[BlackElo "1886"]
[PlyCount "119"]
[EventDate "2005.11.19"]

1. d4 Nf6 2. Bg5 Ne4 3. Bf4 c6 4. f3 Qa5+ 5. c3 Nf6 6. e4 d6 7. Nd2 Qc7 8. Bd3
Nbd7 9. Ne2 g6 10. g4 Bg7 11. Ng3 O-O 12. Qe2 e5 13. dxe5 Nxe5 14. O-O-O Be6
15. Bxe5 dxe5 16. g5 Nd7 17. Bc4 Nc5 18. h4 b5 19. Bxe6 Nxe6 20. Qe3 Qe7 21.
Nb3 c5 22. Rd5 Rfd8 23. Rhd1 Rxd5 24. Rxd5 Rc8 25. Qd2 Nf4 26. Rd7 Qf8 27. Kd1
c4 28. Nc1 Qc5 29. Nge2 Ng2 30. Qd6 Qxd6+ 31. Rxd6 Nxh4 32. f4 Nf3 33. f5 Nxg5
34. Ng3 Bf8 35. Rd7 Bc5 36. b4 cxb3 37. axb3 Bb6 38. Kc2 Kf8 39. Rd5 a6 40.
Nce2 Rd8 41. Rxe5 Be3 42. Rd5 Rxd5 43. exd5 h5 44. fxg6 fxg6 45. Kd3 Bc5 46.
Nf4 Bd6 47. Nxg6+ Kg7 48. Nf5+ Kxg6 49. Nxd6 h4 50. Ke3 h3 51. Kf2 Kf6 52. c4
Ke5 53. cxb5 a5 54. Nc4+ Kxd5 55. b6 Kc6 56. Kg3 Kb7 57. Nxa5+ Kxb6 58. Nc4+
Kc5 59. Nd2 Kb4 60. Nf3 1/2-1/2

[Event "VIII Weekend A"]
[Site "Porto Sant'Elpidio ITA"]
[Date "2005.11.27"]
[Round "5"]
[White "Benaglia, Giovanni"]
[Black "Fioravanti, Diego"]
[Result "0-1"]
[WhiteElo "2008"]
[BlackElo "2152"]
[PlyCount "80"]
[EventDate "2005.11.19"]

1. d4 c5 2. e3 cxd4 3. exd4 d5 4. Bd3 Nc6 5. c3 Nf6 6. Nf3 Bg4 7. O-O e6 8.
Nbd2 Bd6 9. Re1 O-O 10. h3 Bh5 11. g4 Bg6 12. Bxg6 hxg6 13. Ne5 Rc8 14. Qe2
Bxe5 15. dxe5 Nd7 16. Nf3 Qc7 17. b3 Qa5 18. Bb2 a6 19. a4 Qb6 20. b4 Rfe8 21.
Qd2 Qc7 22. Qg5 Nb6 23. h4 Qe7 24. Qf4 Nc4 25. Bc1 f6 26. exf6 Qxf6 27. b5 N6a5
28. Ne5 Nxe5 29. Qxe5 Qxh4 30. f3 Nc4 31. Qe2 e5 32. bxa6 bxa6 33. Be3 e4 34.
Bf2 Qg5 35. fxe4 Rxe4 36. Qd3 Rxg4+ 37. Kf1 Rf8 38. Rad1 Rg1+ 39. Ke2 Rxf2+ 40.
Kxf2 Qg2# 0-1

[Event "VIII Weekend A"]
[Site "Porto Sant'Elpidio ITA"]
[Date "2005.11.27"]
[Round "5"]
[White "Di Martino, Antonio"]
[Black "Cerusico, Carlo"]
[Result "1-0"]
[WhiteElo "2015"]
[BlackElo "1466"]
[PlyCount "47"]
[EventDate "2005.11.19"]

1. e4 e6 2. d4 d5 3. Nd2 Nf6 4. e5 Nfd7 5. f4 c5 6. c3 cxd4 7. cxd4 Nc6 8. Ndf3
Be7 9. Bd3 O-O 10. Ne2 f6 11. O-O fxe5 12. fxe5 a6 13. a3 b5 14. Qc2 g6 15.
Qxc6 Nb6 16. Bh6 Bd7 17. Qc1 Rc8 18. Qd2 Rf7 19. Ng5 Rxf1+ 20. Rxf1 Bxg5 21.
Bxg5 Qc7 22. Qf4 Bc6 23. Qf6 Re8 24. Bh6 1-0

[Event "VIII Weekend A"]
[Site "Porto Sant'Elpidio ITA"]
[Date "2005.11.27"]
[Round "5"]
[White "Miandro, Roberto"]
[Black "Rinaudo, Andrea"]
[Result "0-1"]
[WhiteElo "2092"]
[BlackElo "2120"]
[PlyCount "70"]
[EventDate "2005.11.19"]

1. c4 e5 2. Nc3 Nc6 3. g3 g6 4. Bg2 Bg7 5. d3 f5 6. e3 Nf6 7. Nge2 O-O 8. O-O
d6 9. Rb1 Ne7 10. b3 c6 11. Ba3 Be6 12. f4 Qc7 13. d4 e4 14. Qd2 Bf7 15. h3 Qd7
16. Rfd1 Rab8 17. c5 dxc5 18. Bxc5 a6 19. Kf2 Rfd8 20. Bb6 Re8 21. Na4 Ned5 22.
a3 h6 23. Nec3 Kh7 24. Bf1 g5 25. Nxd5 Nxd5 26. Kg1 gxf4 27. gxf4 Rg8 28. Kh2
Bf6 29. Be2 Bh4 30. Rg1 Bf2 31. Rgf1 Bxe3 32. Qe1 Bxf4+ 33. Kh1 Rg3 34. Kh2
Rf3+ 35. Kh1 Rxh3+ 0-1

[Event "VIII Weekend A"]
[Site "Porto Sant'Elpidio ITA"]
[Date "2005.11.27"]
[Round "5"]
[White "Paci, Stefano"]
[Black "Bastarelli, Giuseppe"]
[Result "0-1"]
[WhiteElo "2144"]
[BlackElo "2104"]
[PlyCount "129"]
[EventDate "2005.11.19"]

1. Nf3 Nf6 2. d4 g6 3. g3 Bg7 4. Bg2 O-O 5. O-O d6 6. c4 Nbd7 7. Nc3 c6 8. e4
e5 9. h3 Re8 10. dxe5 dxe5 11. Be3 Qc7 12. Qc2 Nf8 13. Rad1 Ne6 14. b4 Bd7 15.
c5 Rad8 16. Na4 Bc8 17. Nb2 Rxd1 18. Rxd1 Rd8 19. Rxd8+ Nxd8 20. Nc4 Ne8 21.
Qc3 f6 22. Qd2 Nf7 23. a4 Be6 24. Bf1 Bf8 25. a5 Qd7 26. Qxd7 Bxd7 27. h4 Nc7
28. Bd3 Na6 29. Bd2 Bh6 30. Bc3 Nc7 31. Kg2 Kf8 32. Nfd2 Ke7 33. Nf1 Nb5 34.
Bb2 Nd8 35. Nce3 Nc7 36. f3 Nde6 37. Ng4 Bg7 38. Kf2 h5 39. Nge3 Bh6 40. Bc4
Nd8 41. Nd2 Be6 42. Ke2 Bxc4+ 43. Ndxc4 Na6 44. Bc3 Ke6 45. Nd6 b6 46. axb6
axb6 47. Ndc4 bxc5 48. bxc5 Nxc5 49. Bb4 Ndb7 50. Nd2 Bf8 51. Bc3 Na4 52. Ba1
Bc5 53. Ndc4 Bd4 54. Bxd4 exd4 55. Ng2 g5 56. f4 gxh4 57. Nxh4 Nbc5 58. Nd2 Nd7
59. Nf5 c5 60. Ng7+ Kf7 61. Nxh5 Kg6 62. g4 Nab6 63. Ng3 c4 64. Nf5 Nc5 65.
Ne7+ 0-1

[Event "VIII Weekend A"]
[Site "Porto Sant'Elpidio ITA"]
[Date "2005.11.27"]
[Round "5"]
[White "Padovani, Alessio"]
[Black "Di Donatantonio, Franco"]
[Result "0-1"]
[WhiteElo "2014"]
[BlackElo "2027"]
[PlyCount "57"]
[EventDate "2005.11.19"]

1. f4 Nf6 2. b3 d5 3. Bb2 e6 4. Nf3 c5 5. e3 Nc6 6. Be2 Bd6 7. O-O O-O 8. d3 d4
9. exd4 cxd4 10. Ng5 Nd5 11. Bc1 Qc7 12. g3 Bd7 13. Bf3 Nf6 14. Ne4 Be7 15.
Nxf6+ Bxf6 16. Bb2 Nb4 17. Rf2 Bc6 18. c3 Bxf3 19. Qxf3 dxc3 20. Nxc3 Bxc3 21.
Rc1 Nxa2 22. Rcc2 Qa5 23. Rxc3 Nxc3 24. Qg4 h5 25. Qf3 Rac8 26. g4 hxg4 27.
Qxg4 Qf5 28. Qg3 Qg6 29. Rg2 0-1

[Event "VIII Weekend A"]
[Site "Porto Sant'Elpidio ITA"]
[Date "2005.11.27"]
[Round "5"]
[White "Palmizi, Alessandro"]
[Black "Paolini, Fabio"]
[Result "1/2-1/2"]
[WhiteElo "1802"]
[BlackElo "1868"]
[PlyCount "63"]
[EventDate "2005.11.19"]

1. e4 e5 2. Nf3 Nf6 3. Bc4 Nxe4 4. Qe2 Nd6 5. Nxe5 Qe7 6. Bd3 Nc6 7. Nxc6 Qxe2+
8. Bxe2 dxc6 9. b3 Be7 10. Bb2 O-O 11. O-O Bf5 12. d3 Rfe8 13. Bf3 Bg5 14. Nc3
Bf6 15. Nd1 Bxb2 16. Nxb2 Nb5 17. Rae1 Kf8 18. Re3 Nc3 19. a4 Nd5 20. Ree1 Rxe1
21. Rxe1 Re8 22. Rxe8+ Kxe8 23. Nd1 Ke7 24. Ne3 Ke6 25. h4 Nxe3 26. fxe3 Ke5
27. Kf2 Bc8 28. b4 h6 29. c4 g5 30. d4+ Kd6 31. hxg5 hxg5 32. e4 1/2-1/2

[Event "VIII Weekend A"]
[Site "Porto Sant'Elpidio ITA"]
[Date "2005.11.27"]
[Round "5"]
[White "Rinaudo, Sergio"]
[Black "Fioravanti, Emidio"]
[Result "1-0"]
[WhiteElo "2093"]
[BlackElo "2049"]
[PlyCount "136"]
[EventDate "2005.11.19"]

1. d4 Nf6 2. Nf3 g6 3. Nbd2 d5 4. e3 Bg7 5. Bd3 O-O 6. O-O Nbd7 7. c3 Re8 8. e4
dxe4 9. Nxe4 Nxe4 10. Bxe4 c6 11. Re1 Qc7 12. Qb3 Nf8 13. Bg5 Be6 14. Qc2 Rad8
15. Bh4 Bd5 16. Bg3 Qc8 17. Be5 Bh6 18. h3 Ne6 19. c4 Bxe4 20. Qxe4 Ng5 21.
Nxg5 Bxg5 22. Rad1 Qf5 23. Qe2 Bh6 24. Rd3 Qe6 25. b3 f6 26. Bc7 Qxe2 27. Rxe2
Rd7 28. Ba5 e5 29. Rf3 Rxd4 30. Rxf6 e4 31. Bb4 c5 32. Bxc5 Rd1+ 33. Kh2 Bg7
34. Rf3 Be5+ 35. Rg3 Bxg3+ 36. Kxg3 b6 37. Be3 Rd7 38. Bh6 Kf7 39. Kf4 Rd6 40.
Kg4 Rf6 41. Be3 Rf5 42. Bd4 h5+ 43. Kg3 g5 44. h4 g4 45. Be3 Ke6 46. Bf4 Kd7
47. Rd2+ Kc6 48. b4 Ref8 49. Be3 Kc7 50. Rd4 Re8 51. Bf4+ Kc8 52. a3 Rf7 53.
Rd5 Ref8 54. Bh6 Rh8 55. Be3 Re7 56. Kf4 Kc7 57. Bd4 Rhh7 58. Be5+ Kb7 59. Kxe4
Rhf7 60. Rd2 Rd7 61. Re2 Rd1 62. f4 gxf3 63. gxf3 Rh1 64. Bg3 Re7+ 65. Kd3 Rd1+
66. Rd2 Rd7+ 67. Ke4 R1xd2 68. Be5 Re7 1-0